00342cam a2200133ua 45000010005000000080039000050200022000440400009000660820011000752450039000862600041001253000010001666530032001765907131026n ii |||gr||||Z||||||eng a978-0-19-280105-0 cMAIN a909.0311aOxford Dictionary of World History aNew York:bOxford University,c2001. a697p. aDictionary of World History